000 00545nam a22001697a 4500
003 MACL
005 20150711132057.0
008 150711b xxu||||| |||| 00| 0 eng d
040 _cMACL
041 _aHindi
082 _a741.642
100 _4101/3
_aSalten, Felix
_91726
245 _aWalt Disney's Bambi/Tales For All Times/आओ नाटक खेलें
260 _aनई दिल्‍ली
_bयूबीएस पब्लिशर्स
650 _aचिल्‍ड्रन बुक्‍स
_9343
942 _2ddc
_cHIN
999 _c50078
_d50078